Southville International School and Colleges
Your cart is empty.
  • Cart
  • Lists
    Public lists Eva Luna New books Lux_list list_1
    Your lists Log in to create your own lists
  • Log in to your account
  • Your cookies
  • Search history
Southville International School and Colleges
  • Advanced search
  • Recent comments
  • Most popular
  • Libraries

Log in to your account

Log in with GOOGLE


If you do not have an external account, but do have a local account, you can still log in:

  1. Home
  2. MARC view: Joseph and the amazing technicolor dreamcoat.
Normal view MARC view ISBD view

Joseph and the amazing technicolor dreamcoat. (Record no. 116176)

[ view plain ]
MARC details
000 -LEADER
fixed length control field 00706nam a2200181 a 4500
005 - DATE AND TIME OF LATEST TRANSACTION
control field 20140513081047.0
008 - FIXED-LENGTH DATA ELEMENTS--GENERAL INFORMATION
fixed length control field 020924s19uu xx 00 eng d
020 ## - INTERNATIONAL STANDARD BOOK NUMBER
International Standard Book Number CJ001228001
050 ## - LIBRARY OF CONGRESS CALL NUMBER
Classification number VCD
Item number Jo83 1999
245 ## - TITLE STATEMENT
Title Joseph and the amazing technicolor dreamcoat.
260 ## - PUBLICATION, DISTRIBUTION, ETC. (IMPRINT)
Place of publication, distribution, etc Cubao, Quezon City :
Name of publisher, distributor, etc Magnavision Home Video,
Date of publication, distribution, etc 1999.
300 ## - PHYSICAL DESCRIPTION
Extent 1:16 mins approx.
500 ## - GENERAL NOTE
General note Motion picture
520 ## - SUMMARY, ETC.
Summary, etc A lively and colourful journey through Ancient Egypt, Joseph and the amazing technicolor dreamcoat follows the rags to riches story of Joseph, his eleven brothers and the coat of many colours.
650 ## - SUBJECT ADDED ENTRY--TOPICAL TERM
Topical term or geographic name as entry element Ancient Egypt-historical.
650 ## - SUBJECT ADDED ENTRY--TOPICAL TERM
Topical term or geographic name as entry element Joseph-prince of Egypt.
Holdings
Withdrawn status Lost status Damaged status Use restrictions Home library Current library Shelving location Date acquired Source of acquisition Cost, normal purchase price Total Checkouts Full call number Barcode Date last seen Price effective from Koha item type
        Elizalde Library Elizalde Library Audio Visual Material Section 09/24/2002   150.00   VCD Jo83 1999 E133 05/13/2014 05/13/2014 Audio Visual Materials

Joseph and the amazing technicolor dreamcoat.

APA

(1999). Joseph and the amazing technicolor dreamcoat. Cubao, Quezon City: Magnavision Home Video.

Chicago

1999. Joseph and the amazing technicolor dreamcoat. Cubao, Quezon City: Magnavision Home Video.

Harvard

(1999). Joseph and the amazing technicolor dreamcoat. Cubao, Quezon City: Magnavision Home Video.

MLA

Joseph and the amazing technicolor dreamcoat. Cubao, Quezon City: Magnavision Home Video. 1999.

  • Place hold
  • Print
  • Cite
  • Add to your cart (remove)
  • Save record
    BIBTEX Dublin Core MARCXML MARC (non-Unicode/MARC-8) MARC (Unicode/UTF-8) MARC (Unicode/UTF-8, Standard) MODS (XML) RIS
  • More searches
    Search for this title in:
    Other Libraries (WorldCat) Other Databases (Google Scholar) Online Stores (Bookfinder.com) Open Library (openlibrary.org)

Exporting to Dublin Core...

SOUTHVILLE LIBRARY

Southville International School and Colleges Library

1281 Tropical Ave. Cor. Luxembourg St., BF Homes International, Las Pinas City

Tel. No. 8256374 / 252358 Loc. 117/146

Powered by Koha